• 首页
  • 本馆介绍
  • 公告通知
  • 最新文献
  • 馆藏检索
  • 电子资源
  • 读者导购
  • 参考咨询
  • 我的图书馆
  • 登录
  • 详细信息显示
  • 放入我的书架
  • 预约/预借图书
  • 作者相关作品
  • 分类相关作品
  • 丛书相关作品
  • 出版社相关作品

书目信息

  • 表格格式
  • 工作单格式
  • 卡片格式
题名:
新中国出版五十年纪事
    
 
作者: 刘杲 , 石峰 主编
分册:  
出版信息: 北京   新华出版社  1999.12
页数: 424页
开本: 20cm
丛书名:
单 册:
中图分类: G239.29
科图分类:
主题词: 出版工作
电子资源:
ISBN: 7-5011-4780-9
000 00661nam0 2200217 450
001 0772624814
005 20071215201102.90
010    @a7-5011-4780-9@b精装@dCNY38.00
100    @a20071215d1999 km y0chiy0120 ea
101 0  @achi
102    @aCN@b110000
200 1  @a新中国出版五十年纪事@Axin zhong guo chu ban wu shi nian ji shi@f刘杲,石峰主编@Fliu gao,shi feng zhu bian
210    @a北京@c新华出版社@d1999.12
215    @a424页@d20cm
606 0  @a出版工作
690    @aG239.29@v4
701  0 @a刘杲@Aliu gao@4主编
701  0 @a石峰@Ashi feng@4主编
801  0 @aCN@b大连网信软件有限公司图书馆@c20071215
905    @aBZT@dG239.29@e1
906    @dCNY38.00@n0@r1
    
    新中国出版五十年纪事/刘杲,石峰主编.-北京:新华出版社,1999.12
    424页;20cm
    
    
    ISBN 7-5011-4780-9(精装):CNY38.00
    
●
相关链接 在五车中查询图书 在当当中查询图书 在豆瓣中查询图书


正题名:新中国出版五十年纪事     索取号:G239.29/1         预约/预借

序号 登录号 条形码 馆藏地/架位号 状态 备注
1 615610   2000615610   中心书库北库/ 北库032架B面2列5层29/ [索取号:G239.29/1] 在馆    
2 615611   2000615611   中心书库北库/ 北库032架B面2列5层28/ [索取号:G239.29/1] 在馆    
3 615612   2000615612   中心书库北库/ 北库032架B面2列5层25/ [索取号:G239.29/1] 在馆    
4 615613   2000615613   中心书库北库/ 北库032架B面2列5层24/ [索取号:G239.29/1] 在馆    
5 615614   2000615614   中心书库北库/ 北库032架B面2列5层30/ [索取号:G239.29/1] 在馆    
山东省滨州职业学院图书馆 欢迎您!
大连网信软件有限公司© 版权所有